III tysiąclecie p.n.e. - Statystyki

Ogólne statystyki
  • Ten quiz został rozwiązany 62 razy
  • Średni wynik to 8 z 15
Statystyki odpowiedzi
Rok Opis Odpowiedź % Poprawnych
ok. 2070 p.n.e. Yu Wielki zakłada dynastię Xia, pierwszą dynastię tego państwa Chiny
91%
2500 p.n.e. Ten starożytny cud świata został zbudowany w Gizie Piramida Cheopsa
91%
2500 p.n.e. Ta 73-metrowa statua mitycznego stworzenia została zbudowana w pobliżu powyższego Sfinks
81%
ok. 2100 p.n.e. To miasto w dzisiejszym Iraku, które może być pierwszym w historii, któremu udało się to osiągnąć populację 100 000 (wskazówka: składa się z dwóch liter) Ur
81%
ok. 2600 p.n.e. Caral, najstarsze miasto w Ameryce, zostało zbudowane w tym współczesnym państwie Peru
67%
przed 2600 p.n.e. W dolinie tej rzeki na terenie dzisiejszego Pakistanu rozwinęły się duże miasta Indus
58%
przed 2200 p.n.e. Ta cywilizacja na wyspie Kreta zaczyna handel od morza z Egiptem i Syrią Kultura minojska
58%
ok. 3000 p.n.e. Rozpoczęcie budowy tego słynnego brytyjskiego pomnika Stonehenge
58%
ok. 2700 p.n.e. Zbudowano grobowiec Setha-Peribsena. Zawiera on najwcześniejsze znane pełne zdania zapisane tym egipskim systemem pisma. Hieroglify
56%
ok. 2100 p.n.e. Akadyjski epos opisujący poszukiwanie przez legendarnego ------ władcę sumeryjskiego miasta Uruk Epos o {Gilgameszu}
54%
ok. 2100 p.n.e. Powyższe miasto zaczyna budować ten masywny, szeregowy budynek, mając służyć celom religijnym (wskazówka: zaczyna się na Z) Wielki {Ziggurat}
54%
ok. 2150 p.n.e. To miasto, znane również jako Teby, staje się stolicą Egiptu Luksor
30%
ok. 2200 p.n.e. Pierwsi Austronezyjscy opuszczają ten wyspiarski kraj w pobliżu kontynentalnej Azji. W ciągu następnych 3500 lat zasiedlili znaczną część Oceanii. Tajwan
28%
c. 2300s Ten władca podbija sumeryjskie miasta-państwa, tworząc pierwsze w historii imperium {Sargon} z Akadu
26%
ok. 2100 p.n.e. Starożytni mieszkańcy Mezopotamii wymyślili ten podział czasu Tydzień
14%
Nie znaleziono quizów pasujących do podanych kryteriów
Rozkład punktacji
Procent ludzi z każdym wynikiem
Percentyl według liczby udzielonych odpowiedzi
Twoja historia wyników
Nie rozwiązałeś tego quizu